000 00550nam a2200193Ia 4500
003 IN-BaIIA
008 211028s9999 xx 000 0 eng d
020 _a0-216-91783-2
040 _cIIA Library
080 _a533
_bCAI
100 _aCairns, R. A
_914245
245 0 _aPlasma physics
_cR. A. Cairns
260 _aGlasgow
_bBlackie & Sons
_c1985
300 _aix, 193p.
650 _aAstronomy and astrophysics thesaurus
650 _aPlasma physics
_93732
650 _aPlasmas
_91898
942 _cBK
999 _c8503
_d8503